Normal view
MARC view
- 1.Fibrous composites 2. Reinforced plastics
Entry Topical Term
001 - CONTROL NUMBER
- control field: 1552
003 - CONTROL NUMBER IDENTIFIER
- control field: NUST
005 - DATE AND TIME OF LATEST TRANSACTION
- control field: 20170530110654.0
008 - FIXED-LENGTH DATA ELEMENTS
- fixed length control field: 170530|| aca||aabn | a|a d
040 ## - CATALOGING SOURCE
- Original cataloging agency: NUST
- Transcribing agency: NUST
150 ## - HEADING--TOPICAL TERM
- Topical term or geographic name entry element: 1.Fibrous composites 2. Reinforced plastics
670 ## - SOURCE DATA FOUND
- Source citation: Work cat.: (NUST)23259: BHAGWAN D. AGARWAL 1551, ANALYSIS AND PERFORMANCE OF FIBER COMPOSITES, c2006
